000 00592nam a2200193 i 4500
001 21487
003 ES-MaACL
005 20250814052041.0
007 t|
008 021126s1958 sp ||||1| spa d
080 _a621.436
100 1 _aAlbert Serra, Francisco.
_919329
245 1 0 _aControl, ajuste y reparación del sistema de inyección diesel /
_cFrancisco Albert Serra.
260 _aBarcelona :
_bSintes,
_c[1958] (
_fSalvadó)
300 _a222 p., 1 lám. :
_bil. ;
_c22 cm.
650 7 _aMotores Diesel
_2embne
_9144297
852 _aES-MaACL
_jC-16054
999 _c21487
_d21487